Quizzes
Events
Quiz Creation
Community
Videos
Private Events
Remove Ads
Sign In
Join for FREE
Feedback
Dark Mode
Quiz Categories
Sports
Geography
Music
Movies
Television
Just For Fun
Miscellaneous
History
Literature
Language
Science
Gaming
Entertainment
Religion
Holiday
For Kids
Quiz Lab
Recent
Popular Today
Quiz Kudos Today
Editor Picks
Curator Picks
Quizzes by...
Day
Popularity
Type
Ratings
Length
Year
Community
Subscriptions
Recent Discussions
Orange Saloon
Badges
Playlists
Quests
Create
Leaderboards
Showdown
Live 5
Trivia Bingo
Activity
Puzzle Library
Sporcle Events
Private Events
Virtual Trivia
Globe League
Become a Host
Pub Owners
SporcleCon
Opinionation
Our Games
Videos
Blog
Mobile Apps
Partnerships
Remove Ads and Go Orange
Feedback
Music
Pop Music
The Beatles
Song
Album
Lyrics
Bands
Singers
Artist
Clip
Rock
Rap
Classical
Billboard
Country Music
Kpop
Taylor Swift
Music
Pop Music
The Beatles
Song
Album
Lyrics
Bands
Singers
Artist
Clip
Rock
Rap
Classical
Billboard
Country Music
Kpop
Taylor Swift
Random Quiz
Search Sporcle
×
Quiz Lab
Quiz Lab
Music
million
Type in answers that appear in a list
Type in answers that appear in a list
Classic
Best Score? Go Orange.
What Cimorelli doesn't need in 'Million Bucks' Stats
Can you name the items Cimorelli doesn't need in 'Million Bucks'?
By
LovelyAlways
3m
10 Questions
183 Plays
183 Plays
183 Plays
Comments
Comments
Give Quiz Kudos
Give Quiz Kudos
-
- Ratings
hide this ad
Replay
Link that replays current quiz
Next Quiz
Link to next quiz in quiz playlist
You Got
0%
They Got
Avg Score
50%
Avg Friend Score
Upgrade to see
Score Distribution
Jump to the score distribution portion of the page
Score
0/10
Timer
03:00
0
Plays Today
% Correct
A thousand people screaming my name
90.7%
Overnight Hollywood fame
88.5%
Platinum records up on the wall
62.8%
Lamborghini in the garage
60.1%
name dropping guy
50.3%
More than a t-shirt and jeans
45.4%
Diamonds on my neck
42.1%
Money in my pocket
38.3%
Chaffeur waiting on me
13.7%
jettsetter up in the sky
11.5%
Quiz Playlist
Details
Report
Send in Message
Add To Playlist
Classic:
Type in answers that appear in a list
Last Updated: Feb 16, 2017
Quiz Scoreboard
CHALLENGE
Sign Up to Join the Scoreboard
Show All
Scores
Hide
Comments
May contain spoilers
Recently Published
Billboard Blitz: Fleetwood Mac
by CooCooCachoo
Music
15s
Presidents Visiting Landmarks
by Hejman
History
7m
An Introduction to Baseball
by treessimontrees
Sports
5m
More to Explore
Quiz From the Vault
Featured Blog Post
Where Did the Easter Bunny Come From?
hide this ad
You Might Also Like...
Tags
buck
doesnt
item
million
Today's Top Quizzes in Music
Browse Music
hide this ad
Today's Top Quizzes in million
Browse million
Top Contributed Quizzes in Music
1
Taylor Swift All Songs (2024)
2
Guess the Artist- 70s Songs
3
7-to-1: Billboard Hot 100 #1 Hits of 2010s
4
Sorting Albums and Songs
5
Taylor Swift Logic Puzzle
6
KPOP LOGIC QUIZ
7
2010s Album by Cover III
8
One Thing in Common: Music
9
Guess the Taylor Swift song (Mystery Song)
10
Guess The Taylor Swift Lyrics Song #1
Explore More
Trending Topics
NBA
Disney
Harry Potter
Marvel
Anime
Kpop
Crossword
WWE
Country
Song
Pokémon
Soccer
NFL
The Office
Puzzle
hide this ad
More By:
LovelyAlways
Quiz
Plays
Rating
Category
Featured
Created
'Good Time' Lyrics
17,802
4.18
Music
Jul 9, 2012
'One More Night' Lyrics
2,789
4.57
Music
Aug 16, 2012
'Want You Back' Lyrics
1,035
3.00
Music
Jul 5, 2012
'Desperate Measures' Lyrics
859
5.00
Music
Jul 4, 2012
'Live While We're Young' Lyrics
579
Music
Sep 21, 2012
Go to Creator's Profile
Score Distribution
Quiz Creator Spotlight
LovelyAlways
Follow
Send a Message
Quizzes Created
-
Created Quiz Play Count
-
More By This Creator
Popular Quizzes Today
1
Find the US States - No Outlines Minefield
2
Find the Countries of Europe - No Outlines Minefield
3
The Countries of the World
4
Find the US States
5
Risky Map Clicking: Biggest States A-Z
6
US States
7
Popular People in 1961
8
Movies - When Are They Set?
More Music Quizzes
Imagine Dragons Crossword
Quiz Lab
Trending Quizzes
Risky Map Clicking: Least Populous States A-Z
1-10 Letter G Words
1-10 Letter F Words
Risky Map Clicking: Next State Alphabetically
Risky Map Clicking: Biggest States A-Z
Recently Updated
Leaping Animals
pecheneg
Reality TV Shows (A-Z)
bhenderson79
Rickey Henderson's Hall of Fame Teammates
pecheneg
Champions League XIs: Arsenal
pecheneg
Quick Pick: Celebrities in WWE's Hall of Fame
aduchscher
A-Z Keypad Blitz II
pecheneg
Multiple Oscar Actors
pecheneg
Mystery Phrase Blitz: Oscar 'Best Actors'
pecheneg
F. Scott Fitzgerald Novels
LTH
Pick 3 Villains
ddd62291
Trending Topics
Anime
Harry Potter
NBA
Kpop
Disney
Marvel
Crossword
WWE
Puzzle
The Office
Song
Country
Soccer
Pokémon
NFL
Your Account Isn't Verified!
In order to create a playlist on Sporcle, you need to verify the email address you used during registration. Go to your
Sporcle Settings
to finish the process.
Report this User
Report this user for behavior that violates our
Community Guidelines
.
Details:
Send Report
Go to the Sporcle.com Mobile Site →
Comments